| 000 | 00646nam 22002173 4500 | ||
|---|---|---|---|
| 001 | 201759 | ||
| 010 | _a972-8163-14-2 | ||
| 021 |
_aPT _b113514/97 |
||
| 090 | _a201759 | ||
| 100 | _a20260414d u||y0pory50 ba | ||
| 200 |
_aLusografias crioulas _fDavid Mestre |
||
| 210 |
_aÉvora _cPendor _d1997 |
||
| 215 |
_a142, [2] p. _cbrochado _d19 cm |
||
| 225 |
_aSínteses _h6 |
||
| 606 |
_93661 _aCrítica Literária.Estudos Literários |
||
| 610 | _acomentários sobre escritores angolanos, moçambicanos e brasileiros | ||
| 675 |
_a82.09 _vPT _zpor |
||
| 700 |
_917113 _aMestre _bDavid _f1948-1998 |
||
| 801 |
_aPT _bBMMN _gRPC |
||
| 830 | _cVanda | ||
| 990 | _cLIVROS | ||